| 000 | 02518nam a22003857a 4500 | ||
|---|---|---|---|
| 001 | 42835 | ||
| 003 | gtgccic | ||
| 005 | 20251015120202.0 | ||
| 007 | ta | ||
| 008 | 251015b gt ||||| |||| 00| 0 spa d | ||
| 040 |
_agtgccic _bspa _cgtgccic _erda |
||
| 084 | _0TPI-15-0068 | ||
| 100 | 1 | 0 |
_aEdwin Estuardo Zapeta Gómez _dIngeniero en Ciencias y Sistemas _eautor |
| 245 | 1 | 0 |
_aR-Learning: Plataforma en línea con melodías que aumentan la concentración y capacidad de momorizar de las personas / _cZapeta Gómez, Edwin Estuardo |
| 264 | 1 |
_aGuatemala, Guatemala : _bUSAC, Facultad de Ingeniería ; _c2015.- |
|
| 300 |
_axxvi, 92 pag. _bil. ; _c27 cm |
||
| 336 |
_2rdacontenido _aTexto _btxt |
||
| 337 |
_2rdamedio _asin mediación _bn |
||
| 338 |
_2rdasoporte _avolumen _bnc |
||
| 502 |
_aTesis Postgrado _bMAESTRO EN TECNOLOGÍAS DE LA INFORMACIÓN Y LA COMUNICACIÓN _cUSAC, Facultad de Ingeniería, Escuela de Postgrado _d2015 _oTPI-15-0068 |
||
| 504 | _aBibliografía pag. 89 | ||
| 505 | _t1. ANTECEDENTES | ||
| 505 | _t2. JUSTIFICACIÓN | ||
| 505 | _t3. ALCANCES | ||
| 505 | _t4. MARCO TEÓRICO | ||
| 505 | _t5. ANÁLISIS MUSICAL | ||
| 505 | _t6. BUSSINESS MODEL CANVAS | ||
| 520 | 3 | _aLa música puede llegar a desarrollar las habilidades cognitivas de forma sorprendente y juega un papel importante a la hora de memorizar mientras se estudia, estudios coinciden en que la música sirve como un alto estímulo en el desarrollo del cerebro, sobre todo cuando se emplea de manera frecuente. Con esta premisa se desarrolló una plataforma de contenido musical, con melodías que contienen características como ritmo, baja frecuencia y armonía. El proceso de selección de melodías fue a través de Matlab, una herramienta utilizada para el procesamiento de señales de frecuencia y representación por medio de espectrogramas. El proceso de análisis se llevó a cabo por medio del espectro de frecuencias, utilizando la transformada de Fourier, este espectrograma realizado por medio de Matlab proporcionó datos como la amplitud de oscilación de las frecuencias que definirían a las melodías con baja o alta frecuencia, y de acuerdo a estas características se seleccionó un grupo de 15 melodías. Con las melodías seleccionadas se construyó un sitio web/móvil que alojó este contenido. | |
| 650 | _aSISTEMAS MULTIMEDIA | ||
| 650 | _aDESARROLLO DE CAPACIDAD | ||
| 651 | _aINDICADOR DE TIC | ||
| 700 |
_aMsc. Ing. Ricardo Morales _easesor |
||
| 942 |
_2ddc _cTPS |
||
| 945 | _aamlo | ||
| 999 |
_c2349 _d2349 |
||